False impressions : (Record no. 343986)

000 -LEADER
fixed length control field 00951 a2200205 4500
020 ## - INTERNATIONAL STANDARD BOOK NUMBER
International Standard Book Number 0684811340
020 ## - INTERNATIONAL STANDARD BOOK NUMBER
International Standard Book Number 9780684811345
082 04 - DEWEY DECIMAL CLASSIFICATION NUMBER
Classification number 702.87
090 ## - LOCALLY ASSIGNED LC-TYPE CALL NUMBER (OCLC); LOCAL CALL NUMBER (RLIN)
-- 1465
-- 1465
100 1# - MAIN ENTRY--PERSONAL NAME
Personal name Hoving, Thomas.
245 10 - TITLE STATEMENT
Title False impressions :
Remainder of title the hunt for big-time art fakes /
Statement of responsibility, etc. Thomas Hoving.
250 ## - EDITION STATEMENT
Edition statement 1st ed.
260 ## - PUBLICATION, DISTRIBUTION, ETC.
Place of publication, distribution, etc. [S.l.] :
Name of publisher, distributor, etc. Simon & Schuster,
Date of publication, distribution, etc. 1996.
300 ## - PHYSICAL DESCRIPTION
Extent 366 p. ;
Dimensions 24 cm.
500 ## - GENERAL NOTE
General note Hardcover.
520 ## - SUMMARY, ETC.
Summary, etc. The former director of the Metropolitan Museum of Art takes a close-up look at the world of art forgery, from ancient times to the present day, sharing anecdotes about some of the costliest, most embarrassing forgeries ever, as well as the motives of the fakers. 50,000 first printing. Tour.
856 40 - ELECTRONIC LOCATION AND ACCESS
Materials specified Amazon.com
Uniform Resource Identifier <a href="http://www.amazon.com/exec/obidos/ASIN/0684811340/chopaconline-20">http://www.amazon.com/exec/obidos/ASIN/0684811340/chopaconline-20</a>
856 40 - ELECTRONIC LOCATION AND ACCESS
Materials specified Amazon customer reviews
Uniform Resource Identifier <a href="http://www.chopac.org/cgi-bin/tools/azrev.pl?q=0684811340">http://www.chopac.org/cgi-bin/tools/azrev.pl?q=0684811340</a>
942 ## - ADDED ENTRY ELEMENTS (KOHA)
Institution code [OBSOLETE] NBS
Koha item type Book
Call number prefix 702.87
Holdings
Withdrawn status Lost status Source of classification or shelving scheme Damaged status Not for loan Permanent Location Current Location Date acquired Total Checkouts Full call number Barcode Date last seen Price effective from Koha item type
          Central Library (CL) Central Library (CL) 08/28/2013   702.87 HOV NBS2336 08/28/2013 08/28/2013 Book
© 2023 Central Library, National University of Sciences and Technology. All Rights Reserved.